Financovanie verejného sektora

Stratégia a právna úprava energetickej bezpečnosti . Znižovanie energetickej náročnosti. Daň z energie. Trh zemného plynu. Predpoklad spotreby zemného plynu v SR s cieľovým rokom 2008 s výhľadom do roku 2030. Svetové zásoby plynu. Výber environmentálnych daní v EÚ, v % z HDP.

Saved in:
Bibliographic Details
Main Author: Cádrová, Katarína
Format: Book Chapter
Language:Slovak
Subjects:
Tags: Add Tag
No Tags, Be the first to tag this record!

MARC

LEADER 00000nla$a2200000$$$4500
001 0080369
005 20231121082206.2
041 0 |a slo 
044 |a SK 
245 1 0 |a Financovanie verejného sektora  |c Katarína Cádrová 
520 |a Stratégia a právna úprava energetickej bezpečnosti . Znižovanie energetickej náročnosti. Daň z energie. Trh zemného plynu. Predpoklad spotreby zemného plynu v SR s cieľovým rokom 2008 s výhľadom do roku 2030. Svetové zásoby plynu. Výber environmentálnych daní v EÚ, v % z HDP. 
610 2 0 |a ropa 
610 2 0 |a politika environmentálna 
610 2 0 |a sektor verejný 
610 2 0 |a financovanie 
610 2 0 |a plyn 
610 2 0 |a Slovensko 
610 2 0 |a Európska únia 
610 2 0 |a správa verejná 
610 2 0 |a dane spotrebné 
100 1 |a Cádrová, Katarína